Illustrated Catalogue of light and heavy hardware, railway, steamship, machinists' and contractors' tools and supplies
Guardat en:
| Autor principal: | |
|---|---|
| Format: | Llibre |
| Idioma: | anglès |
| Publicat: |
Nueva York
Charles F. Bloom
1889
|
| Edició: | 1a. ed |
| Matèries: | |
| Etiquetes: |
Afegir etiqueta
Sense etiquetes, Sigues el primer a etiquetar aquest registre!
|
MARC
| LEADER | 00000nam a2200000 a 4500 | ||
|---|---|---|---|
| 001 | UCJ7073 | ||
| 003 | CL-VaPUC | ||
| 008 | 070124e18890122US |||||||||||||||||eng|d | ||
| 082 | 0 | 4 | |a 621 |b MOT |2 21 |
| 100 | 0 | |a Motley, Thornton N. |e author |9 514973 | |
| 245 | 1 | 0 | |a Illustrated Catalogue of light and heavy hardware, railway, steamship, machinists' and contractors' tools and supplies |
| 250 | |a 1a. ed | ||
| 300 | |a 259 p | ||
| 942 | |c BK | ||
| 945 | |d 20070124 00:00:00 |a rinostro | ||
| 260 | |a Nueva York |b Charles F. Bloom |c 1889 | ||
| 500 | |a Ilustraciones conforme a lo señalado en índice | ||
| 650 | 0 | |a Catálogos |9 256258 | |
| 650 | 0 | |a Ingeniería mecánica |9 262089 | |
| 650 | 0 | |a Ferrocarriles |9 260933 | |
| 650 | 0 | |a Maquinaria |9 260482 | |
| 650 | 7 | |a HERRAMIENTAS |2 CL-VaPUC |9 263987 | |
| 650 | 0 | |a Ilustraciones |9 369481 | |
| 583 | |a last modification |c 20070124 00:00:00 |k Rodrigo Vera | ||
| 999 | |c 323173 |d 323171 | ||
| 952 | |0 0 |1 0 |4 0 |6 621_000000000000000_MOT_1889 |7 0 |8 X |9 402550 |a FDOBUD |b FDOBUD |d 2019-11-22 |i 1058010 |o 621 MOT 1889 |p 1058010 |r 2019-11-22 |w 2019-11-22 |y BK_X |k BUD | ||